Catálogo - Centro de Recursos para el Aprendizaje y la Investigación

Volver al Sitio - CRAI Biblioteca

Líneas y criterios jurisprudenciales Sala de lo civil / (Registro nro. 113579)

Detalles MARC
000 -CABECERA
campo de control de longitud fija 01203nam a2200277 4500
001 - NÚMERO DE CONTROL
campo de control 113579
003 - IDENTIFICADOR DEL NÚMERO DE CONTROL
campo de control DR-UNIBE
005 - FECHA Y HORA DE LA ÚLTIMA TRANSACCIÓN
campo de control 20250509163917.0
008 - DATOS DE LONGITUD FIJA--INFORMACIÓN GENERAL
campo de control de longitud fija 250508b2007 es ||||| |||| 00| 0 spa d
040 ## - FUENTE DE LA CATALOGACIÓN
Centro catalogador/agencia de origen BIBLIOTECA UNIBE
Centro/agencia transcriptor BIBLIOTECA UNIBE
Lengua de catalogación spa
Normas de descripción rda
041 ## - CÓDIGO DE LENGUA
Código de lengua del texto/banda sonora o título independiente spa
082 ## - NÚMERO DE LA CLASIFICACIÓN DECIMAL DEWEY
Número de edición 22
Número de clasificación 349.7284 R426L
110 #0 - ENTRADA PRINCIPAL--NOMBRE DE ENTIDAD CORPORATIVA
Nombre de entidad corporativa o nombre de jurisdicción como elemento de entrada República de El Salvador. Corte Suprema de Justicia
9 (RLIN) 195202
Término indicativo de función/relación autor
245 10 - MENCIÓN DE TÍTULO
Título Líneas y criterios jurisprudenciales Sala de lo civil /
Mención de responsabilidad, etc. Corte Suprema de Justicia ; Centro de Documentación Judicial
250 ## - MENCIÓN DE EDICIÓN
Mención de edición Primera edición
260 ## - PUBLICACIÓN, DISTRIBUCIÓN, ETC.
Lugar de publicación, distribución, etc. San Salvador:
Nombre del editor, distribuidor, etc. Corte Suprema de Justicia. Sección de Publcaciones,
Fecha de publicación, distribución, etc. 2005
300 ## - DESCRIPCIÓN FÍSICA
Extensión 110 páginas :
Dimensiones 22 x 134 cm
505 ## - NOTA DE CONTENIDO CON FORMATO
Nota de contenido con formato Materia civil |<br/>Materia de familia |<br/>Materia laboral |<br/>Materia mercantil
650 #7 - PUNTO DE ACCESO ADICIONAL DE MATERIA--TÉRMINO DE MATERIA
Fuente del encabezamiento o término lemb
Término de materia o nombre geográfico como elemento de entrada Jurisprudencia civil
Subdivisión geográfica El Salvador
9 (RLIN) 195205
650 #7 - PUNTO DE ACCESO ADICIONAL DE MATERIA--TÉRMINO DE MATERIA
Fuente del encabezamiento o término lemb
Término de materia o nombre geográfico como elemento de entrada Derecho civil
Subdivisión cronológica San Salvador
9 (RLIN) 195206
700 10 - PUNTO DE ACCESO ADICIONAL--NOMBRE DE PERSONA
Nombre de persona López de Linares, Roxana Maricela
9 (RLIN) 194902
Término indicativo de función/relación diseñador
700 10 - PUNTO DE ACCESO ADICIONAL--NOMBRE DE PERSONA
Nombre de persona Pocasangre Posada, Martín R.
9 (RLIN) 194790
Término indicativo de función/relación producción
700 10 - PUNTO DE ACCESO ADICIONAL--NOMBRE DE PERSONA
Nombre de persona Aquino, Antonio Alberto
9 (RLIN) 194982
Término indicativo de función/relación diagramador
-- diseñador de portada
710 10 - PUNTO DE ACCESO ADICIONAL--NOMBRE DE ENTIDAD CORPORATIVA
Nombre de entidad corporativa o nombre de jurisdicción como elemento de entrada Centro de Documentación Judicial
9 (RLIN) 195091
942 ## - ELEMENTOS DE PUNTO DE ACCESO ADICIONAL (KOHA)
Fuente del sistema de clasificación o colocación Sistema de Clasificación Decimal Dewey
Tipo de ítem Koha Libro (general)
Existencias
Estado de retiro Estado de pérdida Fuente del sistema de clasificación o colocación No para préstamo Código de colección Localización permanente Fecha de adquisición Total de préstamos Signatura topográfica completa Código de barras Fecha visto por última vez Número de copia Precio válido a partir de Tipo de ítem Koha
  Disponible Sistema de Clasificación Decimal Dewey   General Biblioteca Central UNIBE 08/04/2025   349.7284 R426L 250411 08/05/2025 Ej. 1 08/05/2025 Libro (general)